000 00329nam a22001337a 4500
003 SGT
082 _a617.63
_bC16D
100 _aDOKWAL, SUSHIL KUMAR
245 _aCBCT AND ITS APPLICATION IN DENTISTRY
260 _aDELHI NCR
_bSGT UNIVERSITY GURUGRAM
_c2016
300 _a1-102
650 _aORAL MEDICINE
942 _2ddc
_cTH
999 _c18938
_d18938